Marching For Freedom : (Record no. 4992)
[ view plain ]
| 000 -LEADER | |
|---|---|
| fixed length control field | 00946nam a22002417a 4500 |
| 001 - CONTROL NUMBER | |
| control field | 4992 |
| 003 - CONTROL NUMBER IDENTIFIER | |
| control field | FISKH |
| 005 - DATE AND TIME OF LATEST TRANSACTION | |
| control field | 20241030144929.0 |
| 008 - FIXED-LENGTH DATA ELEMENTS--GENERAL INFORMATION | |
| fixed length control field | 241030b cb ||||| |||| 00| 0 eng d |
| 020 ## - INTERNATIONAL STANDARD BOOK NUMBER | |
| International Standard Book Number | 9780545290012 |
| 040 ## - CATALOGING SOURCE | |
| Original cataloging agency | FISKH |
| Language of cataloging | eng |
| Transcribing agency | FISKH |
| Modifying agency | FISKH |
| 050 ## - LIBRARY OF CONGRESS CALL NUMBER | |
| Classification number | E185.A3 |
| 082 ## - DEWEY DECIMAL CLASSIFICATION NUMBER | |
| Classification number | 323.1196 |
| 100 ## - MAIN ENTRY--PERSONAL NAME | |
| Personal name | Partridge, Elizabeth |
| 245 ## - TITLE STATEMENT | |
| Title | Marching For Freedom : |
| Remainder of title | Walk Together Children and Don't You Grow Weary / |
| Statement of responsibility, etc. | by Elizabeth Partridge |
| 250 ## - EDITION STATEMENT | |
| Edition statement | First Scholastic printing, September 2010 |
| 260 ## - PUBLICATION, DISTRIBUTION, ETC. | |
| Place of publication, distribution, etc. | New York : |
| Name of publisher, distributor, etc. | Scholastic ; |
| Date of publication, distribution, etc. | 2009. |
| 300 ## - PHYSICAL DESCRIPTION | |
| Extent | 72 pages : |
| Other physical details | illustrations ; |
| Dimensions | 23 cm . |
| 520 ## - SUMMARY, ETC. | |
| Summary, etc. | This book recounts the three months of protest that took place before Dr. Martin Luther King, Jr.'s landmark march from Selma, Alabama, to Montgomery to promote equal rights and help African-Americans earn the right to vote. |
| 650 ## - SUBJECT ADDED ENTRY--TOPICAL TERM | |
| Topical term or geographic name entry element | Civil Rights Movement |
| Form subdivision | non-fiction |
| 942 ## - ADDED ENTRY ELEMENTS (KOHA) | |
| Source of classification or shelving scheme | Dewey Decimal Classification |
| Koha item type | Books |
| Suppress in OPAC | No |
| Withdrawn status | Lost status | Source of classification or shelving scheme | Damaged status | Not for loan | Collection | Home library | Current library | Shelving location | Date acquired | Total Checkouts | Full call number | Barcode | Date last seen | Price effective from | Koha item type |
|---|---|---|---|---|---|---|---|---|---|---|---|---|---|---|---|
| Dewey Decimal Classification | Non-Fiction | Footprints International School Library Network Toul Kork Campus | Footprints International School Library Network Toul Kork Campus | TTP Secondary Non-Fiction Bookshelves | 10/30/2024 | PAR 323.1196 E185.A3 | FISSE01187 | 10/30/2024 | 10/30/2024 | Books |
